[Event "Budapest IM"]
[Site "Budapest"]
[Date "1992.??.??"]
[Round "3"]
[White "Szalanczy, Emil"]
[Black "Vujosevic, Vladimir"]
[Result "1/2-1/2"]
[WhiteElo "2420"]
[BlackElo "2385"]

1.e4 e5 2.Nf3 Nc6 3.Bb5 a6 4.Ba4 Nf6 5.O-O b5 6.Bb3 Bb7 7.Nc3 Be7 8.d3 O-O
9.Bg5 h6 10.Bd2 d6 11.Ne2 Re8 12.Ng3 Bf8 13.Nf5 d5 14.exd5 Nxd5 15.N3h4 Nd4
16.Qg4 Nxf5 17.Nxf5 Kh8 18.Rae1 Re6 19.Ng3 Nf6 20.Qh3 Bd5 21.Bg5 Bxb3 22.axb3 Kg8
23.Bxf6 Qxf6 24.Re4 Rae8 25.Rfe1 g6 26.Qg4 Qg7 27.Qf3 f5 28.R4e2 Qd7 29.Nf1 h5
30.Ne3 e4 31.dxe4 Rxe4 32.g3 Qe6 33.Kf1 Bd6 34.Ng2 Rxe2 35.Rxe2 Qxe2+ 36.Qxe2 Rxe2
37.Kxe2 Kf7 38.f4 Ke6 39.Kd3 Be7 40.c3 c6 41.b4 Bd8 42.Ne3 a5 43.bxa5 Bxa5
44.Nc2 Bd8 45.Nd4+ Kd5 46.b3 Bf6 47.Nf3 Ke6 48.c4 b4 49.Ke3 c5 50.h3 Kd6
51.Kf2 Ke6 52.Kg2 Kd6 53.Ne1 Ke6 54.Nd3 Be7 55.Kf3 Bd6 56.Ne1 Be7 57.Ng2 Bf6
58.Ne3 Bd4 59.Ng2 Bc3 60.g4 hxg4+ 61.hxg4 Bd2 62.Nh4  1/2-1/2

[Event "Cannes op"]
[Site "Cannes"]
[Date "1992.??.??"]
[Round "?"]
[White "Kosten, Anthony C"]
[Black "Kaabi, Mejdi"]
[Result "1/2-1/2"]
[WhiteElo "2530"]
[BlackElo "2310"]

1.e4 e5 2.Nf3 Nc6 3.Bb5 a6 4.Ba4 Nf6 5.O-O b5 6.Bb3 Bb7 7.Re1 Bc5 8.c3 d6
9.d4 Bb6 10.Be3 O-O 11.Nbd2 h6 12.h3 Re8 13.Qb1 Nh5 14.Qd3 Qf6 15.a4 exd4
16.cxd4 Nb4 17.Qe2 c5 18.e5 dxe5 19.dxc5 Bc7 20.axb5 e4 21.Nh2 Nf4 22.Bxf4 Qxf4
23.g3 Qf5 24.c6 Nxc6 25.bxc6 Bxc6 26.Rac1 Bb5 27.Nc4 Rad8 28.Qg4 Qxg4 29.Nxg4 Rd3
30.Rc3 Rd4 31.Nge3 g6 32.Rd1 Red8 33.Rxd4 Rxd4 34.Na3 Ba5 35.Nxb5 axb5 36.Rc8+ Kg7
37.Ra8 Bb6 38.Nd5 Bc5 39.Rc8 Bd6 40.Rc1 Rd3 41.Nc3 e3 42.Bc2 exf2+ 43.Kxf2 Bc5+
44.Kg2 Rd2+ 45.Kh1 Bd4 46.Ne4 Re2 47.Nc3 Rd2 48.Nd1 Be5 49.Bb3 Bxg3 50.Rc5 b4
51.Rd5 Re2 52.Rd7 Kf6 53.Rxf7+ Kg5 54.Bc4 Rd2 55.Rf1 Kh4 56.Be6 h5 57.b3 Re2
58.Bd7 Be5 59.Bb5 Rh2+ 60.Kg1 Rxh3  1/2-1/2

[Event "Cappelle op"]
[Site "Cappelle la Grande"]
[Date "1992.??.??"]
[Round "5"]
[White "Nokso Koivisto, A."]
[Black "Fruteau, Sabine"]
[Result "0-1"]
[WhiteElo "2330"]
[BlackElo "2090"]

1.e4 e5 2.Nf3 Nc6 3.Bb5 a6 4.Ba4 Nf6 5.O-O b5 6.Bb3 Bb7 7.Re1 Bc5 8.c3 d6
9.d4 Bb6 10.a4 h6 11.Na3 O-O 12.d5 Ne7 13.axb5 axb5 14.Be3 Bxe3 15.Rxe3 c6
16.dxc6 Bxc6 17.Qd3 Qb8 18.Rd1 Rd8 19.Nb1 Ng6 20.Qc2 Ra1 21.Nbd2 Rxd1+ 22.Qxd1 Ng4
23.Re1 Qa7 24.Rf1 Nf4 25.Nh4 Nf6 26.Qf3 d5 27.exd5 Bxd5 28.Bxd5 Rxd5 29.Ne4 Nxe4
30.Qxe4 Qd7 31.g3 Nh3+ 32.Kg2 Ng5 33.Qf5 Qc6 34.f3 g6 35.Qc2 Qd7 36.Rf2 Nh3
37.Re2 Rd1 38.Nf5 Ng1 39.Ne3 Qh3+ 40.Kf2 Qxh2+ 41.Ng2 Nh3+  0-1

[Event "JUG-chT"]
[Site "Cetinje"]
[Date "1992.??.??"]
[Round "?"]
[White "Misailovic, Nebojsa"]
[Black "Petronic, Jovan"]
[Result "1-0"]
[WhiteElo "2430"]
[BlackElo "2420"]

1.e4 e5 2.Nf3 Nc6 3.Bb5 a6 4.Ba4 Nf6 5.O-O b5 6.Bb3 Bb7 7.c3 Nxe4 8.d4 Na5
9.Bc2 exd4 10.b4 Nc4 11.Bxe4 Bxe4 12.Re1 d5 13.Nxd4 c5 14.bxc5 Bxc5 15.f3 O-O
16.fxe4 dxe4 17.Kh1 Qd5 18.Nd2 Rad8 19.Nxc4 Qxc4 20.Qb3 Bxd4 21.Qxc4 bxc4
22.cxd4 Rxd4 23.Be3 Rd5 24.g4 h5 25.g5 c3 26.Rac1 Rc8 27.Kg2 Kh7 28.Rc2 f5
29.Kg3 Kg6 30.Kf4 h4 31.Rb1 Rc6 32.Rb3 Rd3 33.a4 Kh5 34.a5 Rd5 35.Rb6 Rg6
36.Rxg6 Kxg6 37.Rxc3 Rxa5 38.Rc6+ Kh5 39.Rc7 Ra1 40.Kxf5 g6+ 41.Kf4 Rf1+
42.Kxe4 Kg4 43.Rg7 Rh1 44.Rxg6 Rxh2 45.Rh6 Rb2 46.g6 Rb8 47.g7 Re8+ 48.Kd3 Rg8
49.Bd4 h3 50.Rh8 h2 51.Rxh2  1-0

[Event "JUG-chT"]
[Site "Cetinje"]
[Date "1992.??.??"]
[Round "?"]
[White "Popovic, Petar"]
[Black "Djukic, Zeljko"]
[Result "1-0"]
[WhiteElo "2535"]
[BlackElo "2395"]

1.e4 e5 2.Nf3 Nc6 3.Bb5 a6 4.Ba4 Nf6 5.O-O b5 6.Bb3 Bb7 7.c3 Nxe4 8.d4 Na5
9.Nxe5 Nxb3 10.Qxb3 Qf6 11.f3 Nc5 12.Ng4 Nxb3 13.Nxf6+ gxf6 14.axb3 d6 15.c4 Kd7
16.Nc3 Bg7 17.Rd1 Rhe8 18.Kf2 f5 19.Ra5 c6 20.Bf4 d5 21.c5 Bf6 22.Rd2 Re6
23.Nd1 Rae8 24.b4 Bd8 25.Ra3 Bc7 26.Bxc7 Kxc7 27.Re3 Rxe3 28.Nxe3 Bc8 29.g3 Be6
30.Rd1 Bc8 31.Re1 Bd7 32.Ra1 Bc8 33.Ng2 Kd8 34.Ra3 Ke7 35.Nf4 Rd8 36.Nd3 f6
37.Ra1 Kf7 38.Re1 Rd7 39.Ke3 Ra7 40.Ra1 Re7+ 41.Kf2 Ra7 42.b3 Re7 43.Re1 Ra7
44.Ke3 Re7+ 45.Kf4 Ra7 46.Re2 Bd7 47.Ra2 Bc8 48.Ne1 Kf8 49.Ng2 Rg7 50.Ne3 Rg5
51.Rg2 Bd7 52.h4 h6 53.Ra2 Bc8 54.g4  1-0

[Event "Chicago opI"]
[Site "Chicago"]
[Date "1992.??.??"]
[Round "7"]
[White "Sherzer, Alex"]
[Black "Nickoloff, Bryon"]
[Result "1-0"]
[WhiteElo "2460"]
[BlackElo "2430"]

1.e4 e5 2.Nf3 Nc6 3.Bb5 a6 4.Ba4 Nf6 5.O-O b5 6.Bb3 Bb7 7.c3 Nxe4 8.d4 Na5
9.Nxe5 Nxb3 10.Qxb3 Qf6 11.f3 Nc5 12.Ng4 Nxb3 13.Nxf6+ Ke7 14.axb3 Kxf6 15.c4 d5
16.cxb5 axb5 17.Rxa8 Bxa8 18.Nc3 Bd6 19.Bd2 Bc6 20.Ra1 Ke6 21.Kf2 Bb4 22.Ra7 Bxc3
23.bxc3 Ra8 24.Rxc7 Be8 25.g4 Ra2 26.Ke3 Ra3 27.b4 Ra8 28.Be1 Bd7 29.Rb7 Bc6
30.Rc7 Bd7 31.Kd3 Rc8 32.Ra7 Kd6 33.Bg3+ Kc6 34.Be5 g6 35.Ra6+ Kb7 36.Rf6 Be8
37.Rd6 Bc6 38.h4 Ra8 39.h5 Ra1 40.Rd8 gxh5 41.gxh5 Rh1 42.Rf8 Rxh5 43.Rxf7+ Kb6
44.Bc7+ Ka6 45.Re7 Bb7 46.Bb8 Kb6 47.Bc7+ Ka6 48.Ke3 Bc8 49.Ba5 Bf5 50.Kf4 Bg6
51.Re5 Bf7 52.Re7 Bg6 53.Re6+ Kb7 54.Rb6+ Ka7 55.Rxb5 Rf5+ 56.Ke3 Bh5 57.f4 Be8
58.Rc5 Ka6 59.c4 Bd7 60.Rc7 Be8 61.Re7 Bf7 62.c5 Rf6 63.Re5 Kb5 64.f5 Rh6
65.Re7 Rf6 66.Kf4 Bg6 67.Re5 Bf7 68.Kg5 Rc6 69.Re7 h6+ 70.Kf4 Bh5 71.Ke5 Kc4
72.f6 Rc8 73.f7 Ra8 74.c6  1-0

[Event "EU-chT (Men)"]
[Site "Debrecen"]
[Date "1992.??.??"]
[Round "7"]
[White "Leko, Peter"]
[Black "Le Quang, Kim"]
[Result "1-0"]
[WhiteElo "2385"]
[BlackElo "2250"]

1.e4 e5 2.Nf3 Nc6 3.Bb5 a6 4.Ba4 Nf6 5.O-O b5 6.Bb3 Bb7 7.c3 Nxe4 8.d4 Be7
9.Re1 d5 10.dxe5 Na5 11.Bc2 O-O 12.Nbd2 Nc4 13.Nxc4 bxc4 14.Bxe4 dxe4 15.Qxd8 Raxd8
16.Nd2 Bd5 17.Kf1 Rfe8 18.Nxe4 Bxe4 19.Rxe4 Rd1+ 20.Re1 Rxe1+ 21.Kxe1 Bd6
22.Be3 Rxe5 23.b3 Rh5 24.h3 f5 25.Ke2 f4 26.Bd2 Re5+ 27.Kf3 Rd5 28.Be1 Ra5
29.bxc4 Ra4 30.Rd1 Rxc4 31.Rd4 Rc6 32.c4 g5 33.Kg4 h6 34.h4 Be7 35.f3 Kf7
36.Re4 Bf6 37.Bf2 Rd6 38.Re2 Rd3 39.Rc2 Kg6 40.h5+ Kf7 41.Kf5 Rd6 42.Re2 Rc6
43.c5 Ba1 44.Rd2 Ke7 45.Re2+ Kd7 46.Rd2+ Ke7 47.Rd1 Bb2 48.Rb1 Bc3 49.Rb8 Rf6+
50.Ke4 Re6+ 51.Kd3 Bg7 52.Ra8 Bb2 53.a4 Bc1 54.Bd4 Be3 55.Rh8 Kd7 56.Rh7+ Kc6
57.Bg7 Kxc5 58.Rxh6 Re7 59.Bf8  1-0

[Event "Doha op"]
[Site "Doha"]
[Date "1992.??.??"]
[Round "2"]
[White "Tilak, Sharad S"]
[Black "Kuzmin, Alexey"]
[Result "0-1"]
[WhiteElo "2315"]
[BlackElo "2545"]

1.e4 e5 2.Nf3 Nc6 3.Bb5 a6 4.Ba4 Nf6 5.O-O b5 6.Bb3 Bb7 7.c3 Nxe4 8.d4 Na5
9.Nxe5 Nxb3 10.Qxb3 Nd6 11.Re1 Be7 12.Nd2 O-O 13.a4 Rb8 14.axb5 axb5 15.Nf1 Ra8
16.Bf4 Bg5 17.Rxa8 Bxa8 18.Bxg5 Qxg5 19.f3 h5 20.Re2 Bb7 21.Qb4 f6 22.Nxd7 Rf7
23.Nc5 Bxf3 24.Ne6 Qg6 25.Rf2 Bg4 26.Nf4 Qg5 27.Qa5 Kh7 28.Qa8 Re7 29.Nd5 Re1
30.Qc6 Ne4 31.Rf4 Bh3 32.g3 Nxg3 33.Nxf6+ gxf6 34.Qxc7+ Kh6  0-1

[Event "Dortmund"]
[Site "Dortmund"]
[Date "1992.??.??"]
[Round "4"]
[White "Adams, Michael"]
[Black "Anand, Viswanathan"]
[Result "1/2-1/2"]
[WhiteElo "2620"]
[BlackElo "2670"]

1.e4 e5 2.Nf3 Nc6 3.Bb5 a6 4.Ba4 Nf6 5.O-O b5 6.Bb3 Bb7 7.d3 Be7 8.c4 O-O
9.Nc3 bxc4 10.Bxc4 d6 11.a3 Nd4 12.b4 Nxf3+ 13.Qxf3 c6 14.Bg5 Kh8 15.Rfd1 Nd7
16.Bd2 a5 17.bxa5 Rxa5 18.Rdb1 Bc8 19.Qd1 Nc5 20.Be3 f5 21.Qd2 f4 22.Bxc5 Rxc5
23.Na4 Ra5 24.Nb6 Ra7 25.Nxc8 Qxc8 26.Qd1 d5  1/2-1/2

[Event "Wch U18"]
[Site "Duisburg"]
[Date "1992.??.??"]
[Round "7"]
[White "Merant, N."]
[Black "Kotsur, Pavel"]
[Result "0-1"]
[WhiteElo "2305"]
[BlackElo "2425"]

1.e4 e5 2.Nf3 Nc6 3.Bb5 a6 4.Ba4 Nf6 5.O-O b5 6.Bb3 Bb7 7.d3 Bc5 8.Nc3 d6
9.Bg5 h6 10.Bxf6 Qxf6 11.Nd5 Qd8 12.c3 O-O 13.d4 Ba7 14.dxe5 dxe5 15.Qe2 Na5
16.Rfd1 Nxb3 17.axb3 c6 18.Ne3 Qf6 19.Ng4 Qe6 20.Ngxe5 c5 21.Rd7 Bc8 22.Rc7 Re8
23.Rc6 Qe7 24.Rd1 f6 25.Ng6 Qb7 26.Rcd6 Bf5 27.Nfh4 Qxe4 28.Qxe4 Bxe4 29.Rxa6 c4
30.bxc4 Bxf2+ 31.Kxf2 Rxa6 32.cxb5 Rb6 33.c4 Kh7 34.Nf4 g5 35.Rd7+ Kg8 36.c5 Rxb5
37.Nh5 Rxb2+ 38.Kg1 Re6  0-1

[Event "Troll Masters"]
[Site "Gausdal"]
[Date "1992.??.??"]
[Round "1"]
[White "Kotronias, Vasilios"]
[Black "Emms, John M"]
[Result "1-0"]
[WhiteElo "2560"]
[BlackElo "2430"]

1.e4 e5 2.Nf3 Nc6 3.Bb5 a6 4.Ba4 Nf6 5.O-O b5 6.Bb3 Bb7 7.d3 Be7 8.c4 O-O
9.Nc3 bxc4 10.Bxc4 d6 11.a3 Nd4 12.Bg5 Nd7 13.Be3 c5 14.Nd5 a5 15.Bxd4 exd4
16.b4 axb4 17.axb4 Bxd5 18.Bxd5 Rb8 19.bxc5 dxc5 20.Ra7 Nb6 21.Ne5 Qd6 22.Nc6 Rbe8
23.e5 Qxd5 24.Nxe7+ Rxe7 25.Rxe7 Nc8 26.Rc7 Qxe5 27.Rc6 Ne7 28.Ra6 Nd5 29.Qf3 Nc3
30.Ra8 g6 31.Rxf8+ Kxf8 32.g3 Kg7 33.Kg2 Qe6 34.Ra1 c4 35.dxc4 Qxc4 36.Ra7 Qe6
37.Ra5 Qd7 38.Rc5 Qe7 39.Rc4 Qd6 40.h4 h5 41.Kh2 Nb5 42.Qc6 Qxc6 43.Rxc6 Kf8
44.Rc4 d3 45.Rc5 Nd4 46.Rd5 Ne6 47.Rxd3 Ke7 48.Kg2 f5 49.Kf3 Kf6 50.Rd5 g5
51.hxg5+ Nxg5+ 52.Ke3 Ne6 53.f4 Nf8 54.Rd6+ Ne6 55.Rb6 Kf7 56.Rb7+ Kg6 57.Re7 Kf6
58.Rh7 Kg6 59.Rh8 Nc5 60.Kd4 Nd7 61.Rd8 Nf6 62.Rd6 Kf7 63.Rxf6+ Kxf6 64.Kd5  1-0

[Event "Oberliga Nord N9192"]
[Site "Germany"]
[Date "1992.??.??"]
[Round "?"]
[White "Putzbach, Gerd"]
[Black "Nogly, Christoph"]
[Result "0-1"]
[WhiteElo "2265"]
[BlackElo "2255"]

1.e4 e5 2.Nf3 Nc6 3.Bb5 a6 4.Ba4 Nf6 5.O-O b5 6.Bb3 Bb7 7.Re1 Bc5 8.c3 d6
9.d4 Bb6 10.Bd5 O-O 11.Bg5 h6 12.Bh4 Re8 13.Nbd2 exd4 14.Nxd4 Bxd4 15.cxd4 g5
16.Bxc6 Bxc6 17.Qc2 Bxe4 18.Nxe4 Nxe4 19.Rxe4 Rxe4 20.Qxe4 gxh4 21.Re1 c5
22.Qd5 Rc8 23.h3 cxd4 24.Re4 Qf6 25.f3 d3 26.Qxd3 Rc1+ 27.Kh2 Rc5 28.Rd4 Re5
29.Qd2 d5 30.Qf2 Re4 31.Rd1 Qf4+ 32.Kg1 Re5 33.b3 Kh7 34.Qc2+ Qf5 35.Qc6 Re2
36.Qxd5 Qxd5 37.Rxd5 Rxa2 38.Rd4 Ra3 39.b4 Ra4 40.Rxh4 a5 41.Rf4 Rxb4 42.Rxf7+ Kg6
43.Ra7 a4 44.g4 Rb2 45.h4 Rb3 46.Kg2 a3 47.Ra6+ Kg7 48.Kg3 b4 49.g5 hxg5
50.hxg5 Rb2 51.Kg4 a2 52.Kf5 Rf2 53.f4 b3 54.Ra7+ Kf8 55.Ke5 Rf1 56.Ra8+ Ke7
57.Ra7+ Kd8 58.g6 a1=Q+ 59.Rxa1 Rxa1 60.f5 Ra5+ 61.Ke6 Rxf5 62.Kxf5 b2 63.g7 b1=Q+
64.Kf6 Qb3 65.Kg6 Qg8 66.Kf6 Kd7 67.Kg6 Ke6  0-1

[Event "Oberliga Nord N9192"]
[Site "Germany"]
[Date "1992.??.??"]
[Round "?"]
[White "Joecks, Christian"]
[Black "Nogly, Christoph"]
[Result "0-1"]
[WhiteElo "2380"]
[BlackElo "2255"]

1.e4 e5 2.Nf3 Nc6 3.Bb5 a6 4.Ba4 Nf6 5.O-O b5 6.Bb3 Bb7 7.c3 Nxe4 8.d4 Na5
9.Bc2 exd4 10.Bxe4 Bxe4 11.Re1 d5 12.Nxd4 Be7 13.f3 Bxb1 14.Rxb1 Qd7 15.Bg5 f6
16.Bf4 Kf7 17.Qd3 g6 18.Kh1 c6 19.Ne6 Bd6 20.Bxd6 Qxd6 21.f4 Rae8 22.f5 Nc4
23.Qh3 Ne5 24.Qh6 Reg8 25.a4 gxf5 26.Nd4 Rg5 27.axb5 c5 28.Rxe5 cxd4 29.cxd4 Rg6
30.Qf4 fxe5 31.dxe5 Qe6 32.Rc1 Rc8 33.Rc6 Rxc6 34.bxc6 Qxc6  0-1

[Event "Bundesliga 9192"]
[Site "Germany"]
[Date "1992.??.??"]
[Round "?"]
[White "Doncevic, Dario"]
[Black "Stern, Rene"]
[Result "0-1"]
[WhiteElo "2355"]
[BlackElo "2395"]

1.e4 e5 2.Nf3 Nc6 3.Bb5 a6 4.Ba4 Nf6 5.O-O b5 6.Bb3 Bb7 7.d3 Bd6 8.c3 O-O
9.a4 Na5 10.Ba2 c5 11.Bg5 Re8 12.Nbd2 h6 13.Bh4 Bf8 14.Re1 d6 15.Nf1 g5 16.Bg3 c4
17.axb5 axb5 18.Ne3 cxd3 19.Qxd3 Bxe4 20.Qxb5 Rb8 21.Qe2 Nb3 22.Rad1 Qc8
23.Nd2 Nxd2 24.Rxd2 Bb7 25.f3 Qc5 26.Bf2 Qa5 27.b4 Qa3 28.Nc4 Qxc3 29.Nxd6 Bxd6
30.Rxd6 Kg7 31.Bc5 Ba6 32.Rxa6 Rbd8 33.Qe3 Rd3 34.Qc1 Qxc1 35.Rxc1 Rd2 36.Bc4 Nd7
37.Ra7 Rc8 38.Bf1 Kf6 39.Ra6+ Kg7 40.Rd6 Rxd6 41.Ra1 Nxc5  0-1

[Event "BL2-S9192"]
[Site "Germany"]
[Date "1992.??.??"]
[Round "?"]
[White "Dolgener, Tobias"]
[Black "Stromer, Alexander"]
[Result "1-0"]
[WhiteElo "2205"]
[BlackElo "2255"]

1.e4 e5 2.Nf3 Nc6 3.Bb5 a6 4.Ba4 Nf6 5.O-O b5 6.Bb3 Bb7 7.d4 Nxd4 8.Bxf7+ Kxf7
9.Nxe5+ Kg8 10.Qxd4 c5 11.Qd1 Qe8 12.Nf3 Qxe4 13.Bg5 Nd5 14.Nbd2 Qg6 15.c4 h6
16.Bh4 Nf4 17.Bg3 Bd6 18.Re1 Nd3 19.Re3 Bf4 20.Rxd3 Bxg3 21.Rxd7 Bc6 22.Re7 Bf4
23.cxb5 axb5 24.Qb3+ c4 25.Nxc4 Bd5 26.Nce5 Qxg2+ 27.Kxg2 Bxb3 28.Ng6 Bd6
29.Rd7 Bc5 30.axb3 Rxa1 31.Rd8+ Kh7 32.Nxh8 Rb1 33.Ne5 g5 34.Nd3 Bb6 35.Rb8 Bd4
36.Nf7 Kg6 37.Nd6 Rd1 38.Nb4 Rd2 39.Ne4 Rxb2 40.Rxb5 Rxb3 41.Rb8 Ba7 42.Rb5 g4
43.Nd6 Rb2 44.Nd3 Rxb5 45.Nxb5 Bb6 46.Nd6 h5 47.Nf4+ Kg5 48.Nd5 Ba7 49.Nc3 h4
50.Ne2 Bb8 51.Ne4+ Kf5 52.Nd2 Ba7 53.Nf1 Ke4 54.Ng1 Bb8 55.Nd2+ Kd3 56.Nf1 Ke4
57.Ne2 Ba7 58.Nc3+ Kf4 59.Nd1 Bb6 60.Nde3 Ba7 61.Nd5+ Kg5 62.Nd2 h3+ 63.Kf1 Bb8
64.Ne4+ Kf5 65.Ng3+ Ke5 66.Ne3 Kf4 67.Ke2 Ba7 68.Nc2 Bc5 69.Ne1 Ba7 70.Nd3+ Kg5
71.Kd2 Kf6 72.Kc3 Ke6 73.Kc4 Bb6 74.Nf1 Ba7 75.Kc3 Kf6 76.Kd2 Kg5 77.Ne3 Bb8
78.Nf1 Ba7 79.Ng3 Bb6 80.Ke2 Ba7 81.Nb2 Kf4 82.Nc4 Kg5 83.Ne3 Kf4 84.Ngf5 Kg5
85.Nd6 Bb8 86.Ne4+ Kh4 87.Nf5+ Kh5 88.Nfg3+ Kg6 89.f3 gxf3+ 90.Kxf3 Ba7 91.Nf2 Kg5
92.Nxh3+ Kh4 93.Nf4 Bb8 94.Nge2 Bc7 95.Ng1 Bb6 96.Ng2+ Kh5 97.Ne2 Bd8 98.Nef4+ Kh6
99.Kg4 Be7 100.Ne3 Bd8 101.Kf5 Bh4 102.Ng4+ Kh7 103.Ne6 Be1 104.Ng5+ Kg7
105.Nf3 Bc3 106.h4 Kh7 107.Ng5+ Kg8 108.Kg6 Bh8 109.h5 Kf8 110.h6 Kg8 111.Ne6 Bc3
112.h7+ Kh8 113.Nh6 Bd4 114.Nf7+  1-0

[Event "Goteborg op"]
[Site "Goteborg"]
[Date "1992.??.??"]
[Round "?"]
[White "Hellers, Ferdinand"]
[Black "Panczyk, Krzysztof"]
[Result "1/2-1/2"]
[WhiteElo "2510"]
[BlackElo "2425"]

1.e4 e5 2.Nf3 Nc6 3.Bb5 a6 4.Ba4 Nf6 5.O-O b5 6.Bb3 Bb7 7.d3 Be7 8.c3 O-O
9.Re1 d6 10.Nbd2 Na5 11.Bc2 c5 12.Nf1 Nc6 13.Ng3 Re8 14.Nf5 Bf8 15.Bg5 h6
16.Bxf6 Qxf6 17.Ne3 Ne7 18.a4 h5 19.Nd2 g6 20.Nb3 Bh6 21.Na5 Bc8 22.Bb3 Be6
23.Nd5 Nxd5 24.Bxd5 Rac8 25.axb5 axb5 26.Qb3 Bxd5 27.Qxd5 Qe6 28.Nc6 Qxd5
29.exd5 Ra8 30.Kf1 Kf8 31.Na7 b4 32.cxb4 cxb4 33.Nc6 b3 34.Reb1 Ra2 35.Nb4 Rxa1
36.Rxa1 Rb8 37.Nc6 Rb5 38.Ra5 Rb6 39.Ra1 Rb5 40.Ra5 Rb6  1/2-1/2

[Event "Groningen op"]
[Site "Groningen"]
[Date "1992.??.??"]
[Round "7"]
[White "Ciemniak, Robert"]
[Black "Mikhalchishin, Adrian"]
[Result "1-0"]
[WhiteElo "2415"]
[BlackElo "2515"]

1.e4 e5 2.Nf3 Nc6 3.Bb5 a6 4.Ba4 Nf6 5.O-O b5 6.Bb3 Bb7 7.c3 Be7 8.d4 d6
9.Re1 O-O 10.Nbd2 exd4 11.Nxd4 Re8 12.a4 Bf8 13.Bc2 g6 14.b3 Bg7 15.Bb2 d5
16.Nxc6 Bxc6 17.axb5 axb5 18.e5 Rxa1 19.Bxa1 Ne4 20.f4 f6 21.c4 bxc4 22.Nxe4 dxe4
23.Qxd8 Rxd8 24.exf6 Bf8 25.Bc3 Bc5+ 26.Kf1 Kf7 27.bxc4 Bd4 28.Rd1 Bxf6 29.Rxd8 Bxd8
30.Ke2 g5 31.Ke3 gxf4+ 32.Kxf4 Ke6 33.Bxe4 Bg5+ 34.Kf3 Bxe4+ 35.Kxe4 h5 36.Be5 c6
37.Bb8 Bh6 38.g3 Bc1 39.Be5 Bd2 40.h3 Bg5 41.Bf4 Bf6 42.g4 hxg4 43.hxg4 Be7
44.g5 Ba3 45.Be3 Bd6 46.Bd4 Bc7 47.g6 Bb8 48.Kf3 Bd6 49.Kg4 Bb4 50.Be3 Kf6
51.Kh5 Bf8 52.Bc1 Ke6 53.Bh6 Ba3 54.Bf4 Bf8 55.Kg5 Bg7 56.Bg3 Bf8 57.Be1 Bg7
58.Bb4 Bf6+ 59.Kh6 Kf5 60.Bf8 Ke4 61.c5  1-0

[Event "Hamburg op"]
[Site "Hamburg"]
[Date "1992.??.??"]
[Round "4"]
[White "Korneev, Oleg"]
[Black "Nogly, Christoph"]
[Result "1-0"]
[WhiteElo "2475"]
[BlackElo "2285"]

1.e4 e5 2.Nf3 Nc6 3.Bb5 a6 4.Ba4 Nf6 5.O-O b5 6.Bb3 Bb7 7.d3 Bd6 8.a3 Na5
9.Ba2 c5 10.Bg5 h6 11.Bxf6 Qxf6 12.Nc3 g5 13.Bd5 Nc6 14.a4 b4 15.Ne2 Rb8
16.Nd2 Ne7 17.Bxb7 Rxb7 18.Nc4 Ng6 19.Ng3 Bf8 20.Nf5 d5 21.Nce3 d4 22.Nd5 Qc6
23.g3 h5 24.Qd2 f6 25.b3 h4 26.Qe2 Rbh7 27.Qf3 Kf7 28.Rfe1 Be7 29.Kf1 Bd8
30.Ke2 a5 31.Kd2 Ke8 32.Qg4 Bc7 33.gxh4 Nxh4 34.Nxh4 Rxh4 35.Qc8+ Kf7 36.Qxc7+ Qxc7
37.Nxc7 Rxh2 38.Ke2 Ke7 39.Nd5+ Ke6 40.Rg1 R8h3 41.Rg4  1-0

[Event "Hamburg-ch"]
[Site "Hamburg"]
[Date "1992.??.??"]
[Round "4"]
[White "Jacoby, Florian"]
[Black "Nogly, Christoph"]
[Result "1-0"]
[WhiteElo "2220"]
[BlackElo "2255"]

1.e4 e5 2.Nf3 Nc6 3.Bb5 a6 4.Ba4 Nf6 5.O-O b5 6.Bb3 Bb7 7.d3 Bd6 8.a4 O-O
9.axb5 axb5 10.Rxa8 Bxa8 11.Nc3 b4 12.Ne2 h6 13.Ng3 Re8 14.Re1 Bf8 15.d4 exd4
16.e5 Ng4 17.Bf4 g5 18.Nxg5 Ngxe5 19.Nxf7  1-0

[Event "Hamburg op"]
[Site "Hamburg"]
[Date "1992.??.??"]
[Round "8"]
[White "Kaminski, Marcin"]
[Black "Schoof, Martin"]
[Result "1/2-1/2"]
[WhiteElo "2440"]
[BlackElo "2275"]

1.e4 e5 2.Nf3 Nc6 3.Bb5 a6 4.Ba4 Nf6 5.O-O b5 6.Bb3 Bb7 7.d3 Bd6 8.a4 Na5
9.Ba2 O-O 10.Bg5 h6 11.Bh4 c5 12.axb5 axb5 13.Nc3 b4 14.Nd5 g5 15.Nxf6+ Qxf6
16.Bg3 Rfe8 17.h4 Bc7 18.Nh2 b3 19.cxb3 Nc6 20.hxg5 hxg5 21.Ng4 Qg6 22.b4 Nxb4
23.Bc4 Rxa1 24.Qxa1 d5 25.exd5 Bxd5 26.Qa7 Qd6 27.Nh6+ Qxh6 28.Qxc7 Bxc4
29.dxc4 Na6 30.Qa7 Qc6 31.Rd1 Nc7 32.Qa3 f6 33.Qd3 Ne6 34.Qg6+ Ng7 35.b3 Qe6
36.Rd5 Rc8 37.Qd3 Nf5 38.Kh2 Kg7 39.Rd8 Nd4 40.Rxc8 Qxc8 41.Qe3 Qf5 42.f3 Kf7
43.Bf2 Ke6 44.Be1 Qb1 45.Ba5 Qxb3 46.Qxb3 Nxb3 47.Bb6 e4 48.fxe4 Ke5 49.Kh3 Kxe4
50.Kg4 Nd2 51.Bxc5 Nxc4 52.Be7 Ne3+ 53.Kh5 Kf5 54.g3 Ng4 55.Bb4 Nh2 56.Bc5 Ng4
57.Be7 Ne5 58.Bd8 Ng4 59.Be7 Nf2 60.Bd8 Ne4 61.g4+ Kf4 62.Bc7+ Kf3 63.Bd8 Kf4  1/2-1/2

[Event "Helsinki op"]
[Site "Helsinki"]
[Date "1992.??.??"]
[Round "6"]
[White "Ebeling, Mika"]
[Black "Yakovich, Yuri"]
[Result "1/2-1/2"]
[WhiteElo "2375"]
[BlackElo "2520"]

1.e4 e5 2.Nf3 Nc6 3.Bb5 a6 4.Ba4 Nf6 5.O-O b5 6.Bb3 Bb7 7.c3 h6 8.d4 d6 9.Qe2 g6
10.a4 Bg7 11.dxe5 dxe5 12.axb5 axb5 13.Rxa8 Qxa8 14.Na3 b4 15.cxb4 O-O 16.Nc2 Nxe4
17.Bxh6 Bxh6 18.Qxe4 Ne7 19.Qxe5 Bxf3 20.gxf3 Qxf3 21.Qxe7 Qg4+ 22.Kh1 Qf3+
23.Kg1 Qg4+  1/2-1/2

[Event "HUN-chT"]
[Site "HUN"]
[Date "1992.??.??"]
[Round "?"]
[White "Somlai, Laszlo"]
[Black "Letay, Gyula"]
[Result "1/2-1/2"]
[WhiteElo "2375"]
[BlackElo "2270"]

1.e4 e5 2.Nf3 Nc6 3.Bb5 a6 4.Ba4 Nf6 5.O-O b5 6.Bb3 Bb7 7.Re1 Bc5 8.c3 d6
9.d4 Bb6 10.Bg5 h6 11.Bh4 Qd7 12.a4 O-O-O 13.axb5 axb5 14.Bxf6 gxf6 15.Bd5 Rdg8
16.g3 Qh3 17.Kh1 h5 18.Ng1 Qd7 19.dxe5 h4 20.g4 Rxg4 21.e6 Rxg1+ 22.Rxg1 fxe6
23.Bb3 Ne5 24.Qe2 f5 25.Bc2 Ng4  1/2-1/2

[Event "HUN-chT"]
[Site "HUN"]
[Date "1992.??.??"]
[Round "?"]
[White "Palkovi, Jozsef"]
[Black "Letay, Gyula"]
[Result "1/2-1/2"]
[WhiteElo "2410"]
[BlackElo "2270"]

1.e4 e5 2.Nf3 Nc6 3.Bb5 a6 4.Ba4 Nf6 5.O-O b5 6.Bb3 Bb7 7.Re1 Bc5 8.c3 d6
9.d4 Bb6 10.a4 O-O 11.Na3 Qe7 12.d5 Na5 13.Ba2 Ng4 14.Re2 f5 15.Bg5 Qd7 16.Bh4 bxa4
17.exf5 Rxf5 18.Bb1 Rf4 19.Bg3 Rf6 20.Bc2 Nb3 21.Bxb3 axb3 22.Nc4 Qb5 23.Nxb6 cxb6
24.Re4 Nh6 25.c4 Qc5 26.Nd2  1/2-1/2

[Event "HUN-chT"]
[Site "HUN"]
[Date "1992.??.??"]
[Round "6"]
[White "Juhasz, Jozsef"]
[Black "Letay, Gyula"]
[Result "1/2-1/2"]
[WhiteElo "2235"]
[BlackElo "2270"]

1.e4 e5 2.Nf3 Nc6 3.Bb5 a6 4.Ba4 Nf6 5.O-O b5 6.Bb3 Bb7 7.d3 h6 8.Nc3 g6
9.a4 b4 10.Nd5 a5 11.h3 Bg7 12.Be3 O-O 13.Qd2 Kh7 14.c3 Nxd5 15.Bxd5 bxc3
16.bxc3 f5 17.exf5 gxf5 18.Rab1 Ba6 19.c4 Qf6 20.Bc5 Rfe8 21.Ba3 Rab8 22.Bxc6 Qxc6
23.Qxa5 d6 24.Nh4 Rxb1 25.Rxb1 Rf8 26.Bb2 f4 27.Nf3 Ra8 28.Rc1 Bb7 29.Qb5 Rxa4
30.Bc3 Ra6 31.Qxc6 Bxc6 32.Ra1 Rxa1+ 33.Bxa1 e4 34.Bxg7 exf3 35.Bf6 fxg2
36.Bd8 d5 37.c5 f3 38.Bxc7 Kg6 39.d4 Kf5 40.Be5 h5  1/2-1/2

[Event "Javea"]
[Site "Javea"]
[Date "1992.??.??"]
[Round "2"]
[White "Bevia, Luis Martinez"]
[Black "Garcia Fernandez, Carlos"]
[Result "0-1"]
[WhiteElo "2255"]
[BlackElo "2390"]

1.e4 e5 2.Nf3 Nc6 3.Bb5 a6 4.Ba4 Nf6 5.O-O b5 6.Bb3 Bb7 7.d3 Bd6 8.c3 O-O
9.Re1 Na5 10.Bc2 Re8 11.Nbd2 Bf8 12.d4 d6 13.d5 c6 14.b4 Nc4 15.Nxc4 bxc4
16.Bg5 cxd5 17.Bxf6 Qxf6 18.exd5 g6 19.Ba4 Rec8 20.Rb1 Bh6 21.b5 Rc5 22.bxa6 Bxd5
23.Rb6 Qd8 24.Rb5 Qc7 25.Re2 Rxa6 26.Reb2 Qa7 27.Rb8+ Kg7 28.Be8 Rxa2 29.Rb1 Rb5
30.Kh1  0-1

[Event "JUG-ch"]
[Site "Kladovo"]
[Date "1992.??.??"]
[Round "1"]
[White "Vujadinovic, Goran"]
[Black "Petronic, Jovan"]
[Result "1/2-1/2"]
[WhiteElo "2345"]
[BlackElo "2420"]

1.Nf3 Nc6 2.e4 e5 3.Bb5 a6 4.Ba4 Nf6 5.O-O b5 6.Bb3 Bb7 7.d3 Be7 8.Nc3 O-O
9.a4 b4 10.Ne2 d5 11.exd5 Nxd5 12.Ng3  1/2-1/2

[Event "JUG-ch"]
[Site "Kladovo"]
[Date "1992.??.??"]
[Round "3"]
[White "Brkljaca, Ante"]
[Black "Petronic, Jovan"]
[Result "1-0"]
[WhiteElo "2380"]
[BlackElo "2420"]

1.e4 e5 2.Nf3 Nc6 3.Bb5 a6 4.Ba4 Nf6 5.O-O b5 6.Bb3 Bb7 7.Re1 Bc5 8.c3 d6
9.d4 Bb6 10.Bg5 h6 11.Bh4 Qd7 12.a4 O-O-O 13.axb5 axb5 14.Na3 g5 15.Bg3 h5
16.h4 gxh4 17.Nxh4 exd4 18.Nxb5 dxc3 19.bxc3 Rhg8 20.Qf3 Rg5 21.Qxf6 Rxb5
22.Bd5 Rg8 23.Nf5 Rxg3 24.Nxg3 Rb2 25.Re2 Rxe2 26.Nxe2 Nd8 27.Bxb7+ Kxb7
28.Nd4 Ne6 29.Qh8 Ba7 30.Qxh5 Nxd4 31.cxd4 Bb6 32.Qd5+ c6 33.Qb3 Qc7 34.d5 c5
35.Qb5 c4  1-0

[Event "JUG-ch"]
[Site "Kladovo"]
[Date "1992.??.??"]
[Round "7"]
[White "Ivanovic, Bozidar"]
[Black "Vujosevic, Vladimir"]
[Result "1-0"]
[WhiteElo "2470"]
[BlackElo "2400"]

1.e4 e5 2.Nf3 Nc6 3.Bb5 a6 4.Ba4 Nf6 5.O-O b5 6.Bb3 Bb7 7.d4 Nxd4 8.Nxd4 exd4
9.e5 Ne4 10.c3 dxc3 11.Qf3 d5 12.exd6 Qf6 13.Re1 O-O-O 14.Qxf6 Nxf6 15.dxc7 Kxc7
16.Nxc3 Bc5 17.Bf4+ Kb6 18.h3 Rd7 19.a4 Nd5 20.a5+ Ka7 21.Bxd5 Bxd5 22.Re5  1-0

[Event "ARG-ch sf2"]
[Site "La Plata"]
[Date "1992.??.??"]
[Round "?"]
[White "Needleman, Alejandro"]
[Black "Roman, Facundo"]
[Result "1-0"]
[WhiteElo "2340"]
[BlackElo "2310"]

1.e4 e5 2.Nf3 Nc6 3.Bb5 a6 4.Ba4 Nf6 5.O-O b5 6.Bb3 Bb7 7.Re1 Bc5 8.c3 d6
9.a4 O-O 10.d3 h6 11.Nbd2 Re8 12.Nf1 d5 13.exd5 Nxd5 14.d4 Bb6 15.axb5 axb5
16.Rxa8 Bxa8 17.dxe5 Nce7 18.Qd3 Ng6 19.e6 Rf8 20.Ng3  1-0